County Galway Quiz - Statistics

General Stats
  • This quiz has been taken 30 times
  • The average score is 15 of 20
Answer Stats
Hint Answer % Correct
County town of Galway Galway
100%
Bordering counties Mayo
100%
Bordering counties Clare
95%
Province that Galway is in Connacht
95%
Group of three islands off the coast of Galway called Inis Mór, Inis Meáin and Inis Oirr Aran Islands
86%
President of Ireland (2011-2025) Michael D Higgins
86%
A type of ring originating in Galway, with a crown, a heart and two clasped hands Claddagh Ring
82%
Largest Gaeltacht (where Irish is the primary language) in Ireland Connemara
77%
Square in the centre of the county town Eyre Square
77%
Irish language television station, based in Baille na hAbhann TG4
77%
Bordering counties Tipperary
77%
Bordering counties Roscommon
73%
Main Street in the county town Shop Street
73%
Largest lake in Galway, also the largest in the Republic of Ireland Lough Corrib
68%
Bordering counties Offaly
68%
Town where one of the most infamous Mother and Baby Homes in Ireland was situated, where hundreds of bodies were dumped in a septic tank Tuam
68%
Famous Irish band from the town above, whose single "I Useta Lover" is one of the biggest selling Irish singles of all time The Saw Doctors
64%
One of Ireland's greatest ever hurler, from Portumna, who won All Ireland championships at both club and county level Joe Canning
55%
Wife of James Joyce, born in a workhouse in Galway Nora Barnacle
32%
Bishop who resigned after revelations of an affair with a woman Eamon Casey
27%
No matching quizzes found
Score Distribution
Percent of People with Each Score
Percentile by Number Answered
Your Score History
You have not taken this quiz